| 000 | 01036na a2200301 4500 | ||
|---|---|---|---|
| 001 | 21817 | ||
| 003 | MIRAKIL | ||
| 005 | 20190301101328.0 | ||
| 008 | 170215b tu n0 0 0 | ||
| 035 | _a20918 | ||
| 040 |
_aMilas _btur _cTR-AnCHP |
||
| 041 | _atur | ||
| 082 |
_aCHP 050 _bALTIOK 1999- |
||
| 090 | _aCHP 050 DER 22-25 ALTIOK | ||
| 222 | _aAltıok | ||
| 245 |
_aBağımsız demokratik Türkiye için Altıok _bCHP Kartal Gençlik Kolları basın yayın birimi yayın organıdır _cCHP Kartal Gençlik Kolları |
||
| 246 | _aAltıok | ||
| 260 |
_aİstanbul _bCHP Kartal Gençlik Kolları _c1999- |
||
| 300 |
_ac. _bres. _c27 sm. |
||
| 500 | _aMevcut sayılar: (1) 1999 | ||
| 500 | _aCHP Kartal Gençlik Kolları basın yayın birimi yayın organıdır | ||
| 610 |
_aCHP _bKartal Gençlik Kolları _vSüreli yayınlar |
||
| 650 |
_aSiyasal partiler _vSüreli yayınlar |
||
| 651 |
_aTürkiye _xSiyaset ve yönetim _ySüreli yayınlar |
||
| 655 | _aDergi | ||
| 910 | _aDERGİ 22-25 ALTIOK | ||
| 942 |
_2ddc _cSER _s1 |
||
| 999 |
_c11356 _d11356 |
||